César Nicolás Penson y su pasión por las letras : (Registro nro. 15677)

Detalles MARC
000 -CABECERA
campo de control de longitud fija 01411nam a2200301 a 4500
001 - NÚMERO DE CONTROL
campo de control 000047587
003 - IDENTIFICADOR DEL NÚMERO DE CONTROL
campo de control DO-SdBPM
005 - FECHA Y HORA DE LA ÚLTIMA TRANSACCIÓN
campo de control 20260210113255.0
007 - CAMPO FIJO DE DESCRIPCIÓN FÍSICA--INFORMACIÓN GENERAL
campo de control de longitud fija ta
008 - DATOS DE LONGITUD FIJA--INFORMACIÓN GENERAL
campo de control de longitud fija 180704s2017 dr a 000 spa d
020 ## - NÚMERO INTERNACIONAL ESTÁNDAR DEL LIBRO
Número Internacional Estándar del Libro 9789945472875
040 ## - FUENTE DE LA CATALOGACIÓN
Centro catalogador/agencia de origen DO-SdBPM
Lengua de catalogación spa
Centro/agencia transcriptor BPMSU
Centro/agencia modificador rda
082 #4 - NÚMERO DE LA CLASIFICACIÓN DECIMAL DEWEY
Número de clasificación RD868.3
Número de documento/Ítem P418c 2017
Número de edición 22
245 00 - MENCIÓN DE TÍTULO
Título César Nicolás Penson y su pasión por las letras :
Resto del título antología /
Mención de responsabilidad, etc. recopilación y notas Evelyn Marte Rodríguez
264 ## - PRODUCCIÓN, PUBLICACIÓN, DISTRIBUCIÓN, FABRICACIÓN Y COPYRIGHT
Producción, publicación, distribución, fabricación y copyright Santo Domingo :
Nombre del de productor, editor, distribuidor, fabricante Instituto Tecnológico de Santo Domingo ;
Fecha de producción, publicación, distribución, fabricación o copyright 2017.
300 ## - DESCRIPCIÓN FÍSICA
Extensión 542 páginas :
Otras características físicas ilustraciones ;
Dimensiones 24 cm.
336 ## - TIPO DE CONTENIDO
Término de tipo de contenido texto
Código de tipo de contenido txt
Fuente rdacontent
337 ## - TIPO DE MEDIO
Nombre/término del tipo de medio sin mediación
Código del tipo de medio n
Fuente rdamedia
338 ## - TIPO DE SOPORTE
Nombre/término del tipo de soporte volumen
Código del tipo de soporte nc
Fuente rdacarrier
500 ## - NOTA GENERAL
Nota general Incluye datos biográficos de la Evelyn Marte Rodríguez
505 0# - NOTA DE CONTENIDO CON FORMATO
Nota de contenido con formato Ensayos filosóficos y críticos 19 -- Editoriales-artículos de opinión-crónicas 113 -- Cuentos 217 -- Poemario de César Nicolás Penson 227 -- Epistolario de César Nicolás Penson 269 -- Asociaciones literarias y recreativas 363 -- Primera edición de la obra Cosas Añejas y críticas literarias 443
590 ## - NOTA LOCAL (RLIN)
Nota local Inventariado, 2026/VM
600 17 - PUNTO DE ACCESO ADICIONAL DE MATERIA--NOMBRE DE PERSONA
Nombre de persona Penson, César Nicolás,
Fechas asociadas al nombre 1855-1901
Subdivisión de forma Colecciones de escritos
650 #7 - PUNTO DE ACCESO ADICIONAL DE MATERIA--TÉRMINO DE MATERIA
Término de materia o nombre geográfico como elemento de entrada Literatura dominicana
Subdivisión de forma Colecciones de escritos
700 1# - PUNTO DE ACCESO ADICIONAL--NOMBRE DE PERSONA
Nombre de persona Marte Rodríguez, Evelyn
Código de función/relación reopilación
910 ## - DATOS DE OPCIÓN DEL USUARIO (OCLC)
Datos de opción del usuario VMateo V. Control de calidad. BPMSU
942 ## - ELEMENTOS DE PUNTO DE ACCESO ADICIONAL (KOHA)
Fuente del sistema de clasificación o colocación Dewey Decimal Classification
Tipo de ítem Koha Libros
Existencias
Estado de retiro Estado de pérdida Fuente del sistema de clasificación o colocación No para préstamo Código de colección Localización permanente Ubicación/localización actual Fecha de adquisición Total de préstamos Signatura topográfica completa Código de barras Fecha visto por última vez Precio válido a partir de Tipo de ítem Koha
    Dewey Decimal Classification   Colección Dominicana Biblioteca Pública Metropolitana Salomé Ureña Biblioteca Pública Metropolitana Salomé Ureña 02/10/2026   BPMSU CD RD868.3 P418c 2017 BPMSU26020056 02/10/2026 02/10/2026 Libros